S-Bahn Salzburg Bahnhöfe (BY) - Statistiken

Allgemein
  • Dieses Quiz wurde 21 mal gespielt
  • Das Durchschnittsergebnis liegt bei 4 aus 10
Antwortstatistiken
Antwort % Korrekt
Freilassing
100%
Bad Reichenhall
67%
Piding
40%
Berchtesgaden Hauptbahnhof
33%
Freilassing-Hofham
33%
Hammerau
33%
Ainring
27%
Bayerisch Gmain
27%
Bischofswiesen
27%
Bad Reichenhall-Kirchberg
20%
Keine übereinstimmenden Quizze gefunden
Verteilung der Resultate
Anzahl Personen mit jedem Resultat
Perzentil nach korrekt beantworteten Fragen
Ihre Resultats-Entwicklung
Sie haben dieses Quiz noch nicht gespielt